000 00518cam a22001931 04500
001 44711
090 _a44711
100 _a19890914d1958 m y0pory5003 ba
101 0 _apor
102 _aPT
200 1 _aA grande mentira
_eadaptação literária de
_fAmílcar Celta
_e inspirado no filme The Great Lie
_gWarner Bros
205 _a2.ª ed.
210 9 _aLisboa
_cArgo,
_d1958
215 _a157 p.
225 2 _aÉcran
_v7
675 _a821.134.3-31"19"
_vBN
_zpor
700 1 _aCelta,
_bAmílcar
801 0 _aPT
_bBN
_gRPC
990 _cLIVROS